00000000nam 2200000zi 4500
0019.939034
003CaOODSP
00520250107144100
006m     o  d f      
007cr |n|||||||||
008240605e198403##oncd||| obs  f00| 0|eng d
040 |aCaOODSP|beng|erda|cCaOODSP
043 |an-cn---
0861 |aCo22-713/1982E-PDF
24500|aCable television industry overview : |bcharts & graphs 1982.
264 1|a[Ottawa] : |bBroadcasting and Content Services Policy Branch, Broadcasting Policy Division, Department of Communications, |cMarch 1984.
300 |a1 online resource (29 pages) : |bcharts
336 |atext|btxt|2rdacontent
337 |acomputer|bc|2rdamedia
338 |aonline resource|bcr|2rdacarrier
500 |aDigitized edition from print [produced by Innovation, Science and Economic Development Canada].
504 |aIncludes bibliographical references.
520 |a"This handbook is intended to serve as a quick reference source for some of the major statistical indicators on the cable television industry in Canada"--Introduction, page 1.
650 0|aCable television|zCanada|vStatistics.
650 0|aTelevision broadcasting|zCanada|vStatistics.
650 6|aTélédistribution|zCanada|vStatistiques.
650 6|aTélévision|zCanada|vStatistiques.
655 7|aStatistics|2lcgft
655 7|aStatistiques|2rvmgf
7101 |aCanada. |bDepartment of Communications, |eissuing body.
794 |tCable television industry overview : |b[1983]|w(CaOODSP)9.939037
795 |tCable television industry overview : |b[1981]|w(CaOODSP)9.939032
85640|qPDF|s866 KB|uhttps://publications.gc.ca/collections/collection_2025/isde-ised/co22/Co22-713-1982-eng.pdf